2026/27 Premier League Teams - Statistics

General Stats
  • This quiz has been taken 29 times
    17 since last reset
  • The average score is 12 of 18
Answer Stats
Club % Correct
Manchester United
86%
Arsenal
79%
Liverpool
79%
Aston Villa
71%
Chelsea
71%
Everton
71%
Manchester City
71%
Newcastle United
71%
Nottingham Forest
71%
Bournemouth
64%
Brentford
64%
Brighton & Hove Albion
64%
Coventry City
64%
Ipswich Town
64%
Crystal Palace
57%
Fulham
57%
Leeds United
57%
Sunderland
57%
No matching quizzes found
Score Distribution
Percent of People with Each Score
Percentile by Number Answered
Your Score History
You have not taken this quiz since the last reset